| 000 | 00328nam a2200109 4500 | ||
|---|---|---|---|
| 999 |
_c13076 _d13076 |
||
| 008 | 190207b ||||| |||| 00| 0 eng d | ||
| 245 |
_aDisaster assistance: _bDigos LGU to give aid to Marawi, Surigao. |
||
| 260 |
_aDavao City _bSun Star Davao _cc2017 |
||
| 300 | _apage 10. | ||
| 650 | 0 |
_936736 _aDisaster relief. |
|
| 942 |
_2ddc _cPER |
||